000 00604nam a2200193Ia 4500
003 IN-BaIIA
008 211028s9999 xx 000 0 eng d
040 _cIIA Library
080 _a523.68
_bOPI
100 _aOpik, Ernst J
_93565
245 0 _aPhysics of meteor flight in the atmosphere
_cErnst J Opik
260 _aNew York
_c1958
300 _aviii, 174p.
490 _aInterscience tracts on physics and astronomy; no. 6
650 _aAstronomy and astrophysics thesaurus
650 _aAtmospheres-meteors
_93566
650 _aMeteors
942 _cBK
999 _c1860
_d1860